000 00690nam a2200205 4500
999 _c2932
_d2932
001 2932
003 BD-JhCC
005 20180306191608.0
008 171108b2001 bg ||||| |||| 00| 0 ben d
035 _a(BD-JhCC)
040 _aBD-JhCC
_dBD-JhCC
041 _aben
082 _a891.4409
_bMAM 2001
245 _aআবুজাফর শামসুদ্দীন রচনাবলী /
_cহায়াৎ মামুদ (সম্পাদিত)
260 _aঢাকা:
_bবাংলা একাডেমী;
_c২০০১
300 _a৫৯২ পৃ.;
_c২২ সেমি
650 _aComplete works
700 _aমামুদ, হায়াৎ
942 _2ddc
_cBK